<?xml version="1.0" encoding="UTF-8"?>
<collection xmlns="http://www.loc.gov/MARC21/slim">
 <record>
  <leader>     na                 </leader>
  <controlfield tag="001">INLIS000000000848332</controlfield>
  <controlfield tag="005">20190617114815</controlfield>
  <datafield tag="035" ind1=" " ind2=" ">
   <subfield code="a">0010-0619000287</subfield>
  </datafield>
  <controlfield tag="007">ta</controlfield>
  <controlfield tag="008">190617s2019    yoia   g            ind d</controlfield>
  <datafield tag="020" ind1=" " ind2=" ">
   <subfield code="a">978-602-5607-77-6</subfield>
  </datafield>
  <datafield tag="040" ind1=" " ind2=" ">
   <subfield code="a">YOPDYOG</subfield>
   <subfield code="b">ind</subfield>
   <subfield code="e">rda</subfield>
  </datafield>
  <datafield tag="082" ind1="0" ind2="4">
   <subfield code="2">[23]</subfield>
   <subfield code="a">570.7</subfield>
  </datafield>
  <datafield tag="084" ind1=" " ind2=" ">
   <subfield code="a">570.7 NUR p</subfield>
  </datafield>
  <datafield tag="090" ind1=" " ind2=" ">
   <subfield code="a">DEP 570.7 NUR p</subfield>
  </datafield>
  <datafield tag="090" ind1=" " ind2=" ">
   <subfield code="a">CB-D.11 2019-594</subfield>
  </datafield>
  <datafield tag="100" ind1="0" ind2=" ">
   <subfield code="a">Nuraini Annisa</subfield>
   <subfield code="e">Penulis</subfield>
  </datafield>
  <datafield tag="245" ind1="0" ind2="1">
   <subfield code="a">Pengembangan pembelajaran biologi berorientasi hots melalui penelitian tindakan kelas /</subfield>
   <subfield code="c">Penulis, Nuraini Annisa, Yuara Ermawati, Maslichah Asy'ari, Retno Herrani Setyati, Esti Suryandari, Dyah Amin Karomah, Y.M. Lauda Feroniasanti, Laily Choirunnisa, Nur Rohim, Febrina Suci Wulandari, Dyah Amin Karomah, Larasati Dyah P, Mentari Angraeni, Ariswati Baruno, A. Tri Priantoro, Ika Yuli Listyarini, Maulita Wulan Nugraheni, Eka Sari Maulidda, Adika Hermawati Pratama, Jajang Nur Rofik, Gama Setyoningsih, Fanny Hadi Setyorini, Tiva Dyah Novitasari Margarita, Sudewi Fajarina, Puspita Ratna Susilawati, Ina Nur Kharomah, Velia Dinan Qhalifia; Editor, A. Tri Priantoro, Retno Herrani</subfield>
  </datafield>
  <datafield tag="250" ind1=" " ind2=" ">
   <subfield code="a">Cetakan I, Januari 2019</subfield>
  </datafield>
  <datafield tag="300" ind1=" " ind2=" ">
   <subfield code="a">ix, 185 halaman :</subfield>
   <subfield code="b">ilustrasi, gambar, grafik ;</subfield>
   <subfield code="c">23 cm</subfield>
  </datafield>
  <datafield tag="500" ind1=" " ind2=" ">
   <subfield code="a">Diterbitkan atas kerjasama dengan Pendidikan Biologi FKIP USD</subfield>
  </datafield>
  <datafield tag="650" ind1=" " ind2="4">
   <subfield code="a">Biologi--</subfield>
   <subfield code="x">Pendidikan pengajaran</subfield>
  </datafield>
  <datafield tag="700" ind1="0" ind2=" ">
   <subfield code="a">A. Tri Priantoro</subfield>
   <subfield code="e">Editor</subfield>
  </datafield>
  <datafield tag="700" ind1="0" ind2=" ">
   <subfield code="a">Retno Herrani</subfield>
   <subfield code="e">Editor</subfield>
  </datafield>
  <datafield tag="700" ind1=" " ind2=" ">
   <subfield code="a">Febrina Suci Wulandari</subfield>
   <subfield code="e">Penulis</subfield>
  </datafield>
  <datafield tag="700" ind1="0" ind2=" ">
   <subfield code="a">Yuara Ermawati</subfield>
   <subfield code="e">Penulis</subfield>
  </datafield>
  <datafield tag="700" ind1="0" ind2=" ">
   <subfield code="a">Maslichah Asy'ari</subfield>
   <subfield code="e">Penulis</subfield>
  </datafield>
  <datafield tag="700" ind1="0" ind2=" ">
   <subfield code="a">Retno Herrani Setyati</subfield>
   <subfield code="e">Penulis</subfield>
  </datafield>
  <datafield tag="700" ind1="0" ind2=" ">
   <subfield code="a">Esti Suryandari</subfield>
   <subfield code="e">Penulis</subfield>
  </datafield>
  <datafield tag="700" ind1="0" ind2=" ">
   <subfield code="a">Dyah Amin Karomah</subfield>
   <subfield code="e">Penulis</subfield>
  </datafield>
  <datafield tag="700" ind1="0" ind2=" ">
   <subfield code="a">Y.M. Lauda Feroniasanti</subfield>
   <subfield code="e">Penulis</subfield>
  </datafield>
  <datafield tag="700" ind1="0" ind2=" ">
   <subfield code="a">Laily Choirunnisa</subfield>
   <subfield code="e">Penulis</subfield>
  </datafield>
  <datafield tag="700" ind1="0" ind2=" ">
   <subfield code="a">Nur Rohim</subfield>
   <subfield code="e">Penulis</subfield>
  </datafield>
  <datafield tag="850" ind1=" " ind2=" ">
   <subfield code="a">YOPDYOG</subfield>
  </datafield>
  <datafield tag="041" ind1=" " ind2=" ">
   <subfield code="a">ind</subfield>
  </datafield>
  <datafield tag="264" ind1=" " ind2="1">
   <subfield code="a">Yogyakarta :</subfield>
   <subfield code="b">Sanata Dharma University Press,</subfield>
   <subfield code="c">2019</subfield>
  </datafield>
  <datafield tag="336" ind1=" " ind2=" ">
   <subfield code="2">rdacontent</subfield>
   <subfield code="a">teks</subfield>
  </datafield>
  <datafield tag="337" ind1=" " ind2=" ">
   <subfield code="2">rdamedia</subfield>
   <subfield code="a">tanpa perantara</subfield>
  </datafield>
  <datafield tag="338" ind1=" " ind2=" ">
   <subfield code="2">rdacarrier</subfield>
   <subfield code="a">volume</subfield>
  </datafield>
  <datafield tag="990" ind1=" " ind2=" ">
   <subfield code="a">CB-D.11/2019-594</subfield>
  </datafield>
  <datafield tag="990" ind1=" " ind2=" ">
   <subfield code="a">63645-PD/A.2019</subfield>
  </datafield>
  <datafield tag="990" ind1=" " ind2=" ">
   <subfield code="a">CB-D.11/2019-594</subfield>
  </datafield>
  <datafield tag="990" ind1=" " ind2=" ">
   <subfield code="a">63645-PD/A.2019</subfield>
  </datafield>
 </record>
</collection>
